000 01393cam a2200289 4500
008 020301n1998 000 0 eng u
020 _a092215452X
035 _a(Sirsi) u116923
041 _aeng.
050 _a333.70285
100 _aCastle, G.
_xEditor
110 _aAppraisal Institute
_92987
245 _aGIS in real estate : integrating, analyzing, and presenting locational information
260 _aChicago
_bAppraisal Institute
_c1998
300 _aix,206p.
_bill.
_c28cm.
350 _a42
520 _aTo date the use of GIS by real estate professionals has been limited. This text reveals how, with knowledgeable assistance and a reasonable financial investment, residential and commercial real estate brokers, appraisers, assessors, and investment analysts can tap into applications and insights that did not exist just a few years ago. It takes the reader through all the decisions and problems encountered in setting up a GIS, with essential information on acquiring the proper hardware and software, making use of digital and attribute data, custom programming and system integration.
650 _aGIS
650 _aCOMPUTER SOFTWARE
650 _aGIS
650 _aREAL ESTATE
650 _aRESIDENTIAL AGENTS
650 _aCOMMERCIAL AGENTS
650 _aUNITED STATES
690 _aMANAGEMENT-BUSINESS MANAGEMENT-INFORMATION MANAGEMENT
942 _n0
999 _c101916
_d101916